书目信息 |
| 题名: |
首饰錾刻艺术
|
|
| 作者: | 罗振春 著 | |
| 分册: | ||
| 出版信息: | 南京 江苏美术出版社 2013 |
|
| 页数: | 90页 | |
| 开本: | 29cm | |
| 丛书名: | 百工录系列丛书 | |
| 单 册: | ||
| 中图分类: | TS934.3 | |
| 科图分类: | ||
| 主题词: | 首饰--錾削--工艺美术--介绍--中国 | |
| 电子资源: | ||
| ISBN: | 978-7-5344-7164-3 | |
| 000 | 00893oam2 2200265 450 | |
| 001 | 2073600380 | |
| 005 | 20201105202653.49 | |
| 010 | @a978-7-5344-7164-3@dCNY68.00 | |
| 100 | @a20140327d2013 em y0chiy50 ea | |
| 101 | 0 | @achi |
| 102 | @aCN@b320000 | |
| 105 | @aa z 000yy | |
| 200 | 1 | @a首饰錾刻艺术@9shou shi zan ke yi shu@f罗振春著 |
| 210 | @a南京@c江苏美术出版社@d2013 | |
| 215 | @a90页@c图@d29cm | |
| 225 | 1 | @a百工录系列丛书@f王建良总主编 |
| 308 | @a封面丛书题:百工录——中国工艺美术记录丛书 | |
| 312 | @a封面英文题名:Lewelry carving arts | |
| 330 | @a本书共分四章,内容包括:传统錾刻工艺的概述、传统錾刻工艺技法、传统錾刻工艺现状、代表作品鉴赏。 | |
| 510 | 1 | @aLewelry carving arts@zeng |
| 606 | 0 | @a首饰@x錾削@x工艺美术@x介绍@y中国 |
| 690 | @aTS934.3@v5 | |
| 701 | 0 | @a罗振春@9luo zhen chun@c(工艺美术)@4著 |
| 801 | @c20201012@aCN | |
| 905 | @aZUCC@dTS934.3@eL970 | |
| 首饰錾刻艺术/罗振春著.-南京:江苏美术出版社,2013 |
| 90页:图;29cm.-(百工录系列丛书/王建良总主编) |
| ISBN 978-7-5344-7164-3:CNY68.00 |
| 本书共分四章,内容包括:传统錾刻工艺的概述、传统錾刻工艺技法、传统錾刻工艺现状、代表作品鉴赏。 |
| ● |
| 相关链接 |
|
|
|
正题名:首饰錾刻艺术
索取号:TS934.3/L970
 
预约/预借
| 序号 | 登录号 | 条形码 | 馆藏地/架位号 | 状态 | 备注 |
| 1 | 1480806 | 214808065 | 自科库501/501自科库 43排6列4层/ [索取号:TS934.3/L970] | 在馆 | |
| 2 | 1480807 | 214808074 | 自科库501/501自科库 43排6列4层/ [索取号:TS934.3/L970] | 在馆 | |
| 3 | 1480808 | 214808083 | 期刊室512/501自科库 43排6列4层/ [索取号:TS934.3/L970] | 在馆 |